England's Opponents in Major Semi-Finals - Statistics

General Stats
  • This quiz has been taken 423 times
  • The average score is 6 of 7
Answer Stats
Opponents % Correct
Germany
96%
West Germany
96%
Croatia
95%
Netherlands
87%
Portugal
87%
Denmark
84%
Yugoslavia
57%
No matching quizzes found
Score Distribution
Percent of People with Each Score
Percentile by Number Answered
Your Score History
You have not taken this quiz